[Event "First Saturday 2008 augusztus FM-B"]
[Site "Budapest"]
[Date "2008.08.08"]
[Round "7"]
[White "Trajber, Csaba dr"]
[Black "Anar, Oskun"]
[Result "1-0"]
[WhiteElo "2097"]
[BlackElo "1961"]
[PlyCount "73"]
[EventDate "2008.08.02"]

1. e4 c5 2. Nf3 Nc6 3. d4 cxd4 4. Nxd4 Nf6 5. Nc3 e5 6. Ndb5 d6 7. Bg5 a6 8.
Na3 b5 9. Bxf6 gxf6 10. Nd5 Be7 11. g3 Be6 12. Bg2 Rb8 13. O-O O-O 14. c3 f5
15. exf5 Bxf5 16. Nc2 Bxc2 17. Qxc2 Qd7 18. Rad1 Bg5 19. f4 exf4 20. gxf4 Bh4
21. Rf3 f5 22. Rh3 Bf6 23. Rh5 Ne7 24. Qd3 a5 25. Kh1 b4 26. Rg1 Nxd5 27. Bxd5+
Kh8 28. Rxf5 bxc3 29. bxc3 Qc7 30. Rh5 Rbe8 31. Rh6 Qd7 32. Qg3 Qf5 33. c4 Bd4
34. Rf1 Re3 35. Qh4 Be5 36. Rh5 Qf6 37. Rxh7# 1-0

[Event "First Saturday 2008 augusztus FM-B"]
[Site "Budapest"]
[Date "2008.08.09"]
[Round "8"]
[White "Bodrogi, Laszlo"]
[Black "Anar, Oskun"]
[Result "1-0"]
[WhiteElo "2104"]
[BlackElo "1961"]
[PlyCount "73"]
[EventDate "2008.08.02"]

1. d4 Nf6 2. c4 g6 3. Nc3 d5 4. Nf3 Bg7 5. Qb3 dxc4 6. Qxc4 O-O 7. e4 Bg4 8.
Be3 Bxf3 9. gxf3 Nfd7 10. Rd1 Nb6 11. Qb3 Nc6 12. d5 Ne5 13. Be2 Qd7 14. h4 h5
15. Nb5 a6 16. Nxc7 Qxc7 17. Bxb6 Qd6 18. Be3 b5 19. f4 Nc4 20. e5 Qd7 21. Bc1
Qf5 22. Rg1 Bh6 23. Qg3 Rac8 24. Bd3 Qg4 25. Qxg4 hxg4 26. Ke2 Rc5 27. b3 Nb6
28. Be3 Rfc8 29. Bxc5 Rxc5 30. Be4 Bxf4 31. Rxg4 Bxe5 32. f4 Bd6 33. f5 Rc3 34.
fxg6 fxg6 35. Rxg6+ Kf8 36. h5 Rh3 37. Rf1+ 1-0

[Event "First Saturday 2008 augusztus FM-B"]
[Site "Budapest"]
[Date "2008.08.09"]
[Round "8"]
[White "Surinya, Tibor"]
[Black "Trajber, Csaba dr"]
[Result "1/2-1/2"]
[WhiteElo "2049"]
[BlackElo "2097"]
[PlyCount "49"]
[EventDate "2008.08.02"]

1. d4 Nf6 2. Nf3 c5 3. c4 cxd4 4. Nxd4 Nc6 5. Nc3 g6 6. g3 Bg7 7. Bg2 O-O 8.
O-O Ng4 9. e3 Nxd4 10. exd4 d6 11. h3 Nf6 12. b3 Rb8 13. Bb2 Bf5 14. Re1 Re8
15. Qe2 g5 16. Qd2 h6 17. Rad1 Qd7 18. Kh2 a6 19. a4 Qc7 20. Ba3 e6 21. Rc1
Red8 22. Qe2 Qb6 23. Qd1 Rbc8 24. Re2 Bg6 25. Bf3 1/2-1/2

[Event "First Saturday 2008 augusztus FM-B"]
[Site "Budapest"]
[Date "2008.08.09"]
[Round "8"]
[White "Letay, Gyula"]
[Black "Fleming, Andrew S.J"]
[Result "1-0"]
[WhiteElo "2085"]
[BlackElo "2041"]
[PlyCount "99"]
[EventDate "2008.08.02"]

1. e4 e6 2. Nf3 d5 3. Nc3 Nf6 4. e5 Nfd7 5. d4 c5 6. dxc5 Nc6 7. Bf4 Bxc5 8.
Bd3 f6 9. exf6 Qxf6 10. Bg3 a6 11. O-O O-O 12. Qe2 Nd4 13. Nxd4 Bxd4 14. Nd1
Ne5 15. c3 Nxd3 16. Qxd3 Bc5 17. Ne3 Qg5 18. Rfe1 Bd7 19. h3 Bb5 20. Qc2 Rae8
21. Ng4 Rf5 22. a4 Bc6 23. b4 Bb6 24. Ne3 Rf7 25. h4 Qh5 26. Rad1 Bd8 27. c4
dxc4 28. Nxc4 Rd7 29. Rxd7 Bxd7 30. Ne5 Qf5 31. Qd1 Bc6 32. Nc4 Be7 33. Re5 Qg6
34. Qb3 Rd8 35. Nb6 Bd7 36. Nxd7 Rxd7 37. Rxe6 Qf7 38. Qe3 h6 39. Re4 Kh7 40.
Be5 Bf6 41. Rf4 Rd1+ 42. Kh2 Bxe5 43. Qe4+ Qg6 44. Qxe5 Qb1 45. Re4 Rh1+ 46.
Kg3 Qd3+ 47. f3 Qd7 48. Rd4 Qf7 49. Qe4+ g6 50. Rd6 1-0

[Event "First Saturday 2008 augusztus FM-B"]
[Site "Budapest"]
[Date "2008.08.09"]
[Round "8"]
[White "Nyland, Thomas"]
[Black "Greis, Bernhard"]
[Result "1/2-1/2"]
[WhiteElo "2107"]
[BlackElo "2000"]
[PlyCount "42"]
[EventDate "2008.08.02"]

1. d4 Nf6 2. c4 g6 3. Nc3 d5 4. cxd5 Nxd5 5. e4 Nxc3 6. bxc3 Bg7 7. Nf3 c5 8.
Be3 O-O 9. Rc1 Qa5 10. Qd2 Nd7 11. d5 Nf6 12. c4 Qa3 13. Qd3 Qxa2 14. h3 Ne8
15. Be2 Qa5+ 16. Nd2 f5 17. O-O Qc7 18. Nb3 b6 19. Bd2 e5 20. exf5 Bxf5 21. Qg3
Nd6 1/2-1/2

[Event "First Saturday 2008 augusztus FM-B"]
[Site "Budapest"]
[Date "2008.08.10"]
[Round "9"]
[White "Greis, Bernhard"]
[Black "Bodrogi, Laszlo"]
[Result "1/2-1/2"]
[WhiteElo "2000"]
[BlackElo "2104"]
[PlyCount "45"]
[EventDate "2008.08.02"]

1. d4 Nf6 2. Bf4 c5 3. e3 b6 4. Nf3 Bb7 5. Nc3 d6 6. Bd3 e6 7. O-O Be7 8. Re1
O-O 9. h3 a6 10. a4 Nbd7 11. Qe2 Re8 12. Rad1 Bf8 13. Bg5 Qc7 14. e4 d5 15. e5
cxd4 16. Nxd4 Ne4 17. Nxe4 dxe4 18. Bxe4 Bxe4 19. Qxe4 Nc5 20. Qg4 Nxa4 21. b3
Nc3 22. Rd3 g6 23. h4 1/2-1/2

[Event "First Saturday 2008 augusztus FM-B"]
[Site "Budapest"]
[Date "2008.08.10"]
[Round "9"]
[White "Trajber, Daniel"]
[Black "Nyland, Thomas"]
[Result "1-0"]
[WhiteElo "2038"]
[BlackElo "2107"]
[PlyCount "71"]
[EventDate "2008.08.02"]

1. d4 d5 2. c4 e6 3. Nf3 Nf6 4. Nc3 Be7 5. Bg5 O-O 6. Qc2 c6 7. e3 b6 8. Bd3
dxc4 9. Bxc4 Nd5 10. Bxe7 Qxe7 11. e4 Nf4 12. g3 Ng6 13. O-O-O e5 14. Nxe5 Nxe5
15. dxe5 Qxe5 16. f4 Qc5 17. Qb3 Nd7 18. e5 Qe3+ 19. Kb1 Nc5 20. Qc2 g6 21.
Rhe1 Qf3 22. Be2 Qg2 23. g4 Qxh2 24. b4 Na6 25. Qe4 Qg3 26. Kb2 Rb8 27. Rg1 Qf2
28. Rdf1 Qh4 29. g5 Rd8 30. Rh1 Qg3 31. Rf3 Qg2 32. Rd3 Bh3 33. Rhxh3 Qxe4 34.
Nxe4 Rxd3 35. Bxd3 Nxb4 36. Nf6+ 1-0

[Event "First Saturday 2008 augusztus FM-B"]
[Site "Budapest"]
[Date "2008.08.10"]
[Round "9"]
[White "Trajber, Csaba dr"]
[Black "Letay, Gyula"]
[Result "0-1"]
[WhiteElo "2097"]
[BlackElo "2085"]
[PlyCount "37"]
[EventDate "2008.08.02"]

1. e4 c5 2. Nf3 d6 3. d4 cxd4 4. Nxd4 Nf6 5. Nc3 a6 6. Be3 e5 7. Nb3 Be6 8. f3
Nbd7 9. Qd2 Rc8 10. O-O-O Be7 11. g4 Nb6 12. Qf2 Nfd7 13. h4 Nc4 14. Bxc4 Rxc4
15. Nd5 Bxd5 16. Rxd5 Qc7 17. Kb1 O-O 18. g5 Rc8 19. Rd2 0-1

[Event "First Saturday 2008 augusztus FM-B"]
[Site "Budapest"]
[Date "2008.08.10"]
[Round "9"]
[White "Anar, Oskun"]
[Black "Surinya, Tibor"]
[Result "1/2-1/2"]
[WhiteElo "1961"]
[BlackElo "2049"]
[PlyCount "57"]
[EventDate "2008.08.02"]

1. e4 c5 2. Nf3 d6 3. g3 Nf6 4. d3 Nc6 5. Bg2 Bg4 6. Nbd2 g6 7. h3 Bxf3 8. Nxf3
Bg7 9. O-O O-O 10. Be3 Rb8 11. Qd2 Qc7 12. Nh4 Rfc8 13. f4 b5 14. f5 Qa5 15. c3
Ne5 16. fxg6 hxg6 17. Bh6 Bh8 18. Qg5 Nh7 19. Qxe7 Qb6 20. Nf5 Bf6 21. Qxd6
Qxd6 22. Nxd6 Rd8 23. d4 Rxd6 24. dxe5 Bxe5 25. Be3 Bxg3 26. Rad1 Rbd8 27. Bf3
Rxd1 28. Rxd1 Rxd1+ 29. Bxd1 1/2-1/2

[Event "First Saturday 2008 augusztus FM-B"]
[Site "Budapest"]
[Date "2008.08.11"]
[Round "10"]
[White "Bodrogi, Laszlo"]
[Black "Surinya, Tibor"]
[Result "1-0"]
[WhiteElo "2104"]
[BlackElo "2049"]
[PlyCount "55"]
[EventDate "2008.08.02"]

1. b3 Nf6 2. Bb2 e6 3. Nf3 c5 4. e3 d5 5. Be2 Be7 6. O-O O-O 7. c4 b6 8. cxd5
Nxd5 9. d4 Bb7 10. Nbd2 Nd7 11. Rc1 Rc8 12. Nc4 b5 13. Nce5 a6 14. Nxd7 Qxd7
15. dxc5 Rxc5 16. Rxc5 Bxc5 17. Ng5 h6 18. Ne4 Bb6 19. Bf3 Rd8 20. Qa1 f6 21.
Rd1 Qe7 22. Bd4 Bxd4 23. Qxd4 Rc8 24. Qa7 Qc7 25. Nd6 Qxd6 26. Qxb7 Qc6 27.
Qxc6 Rxc6 28. Rxd5 1-0

[Event "First Saturday 2008 augusztus FM-B"]
[Site "Budapest"]
[Date "2008.08.11"]
[Round "10"]
[White "Letay, Gyula"]
[Black "Anar, Oskun"]
[Result "1-0"]
[WhiteElo "2085"]
[BlackElo "1961"]
[PlyCount "51"]
[EventDate "2008.08.02"]

1. e4 c5 2. Nc3 Nc6 3. g3 g6 4. Bg2 Bg7 5. d3 e6 6. Be3 b6 7. Qd2 Nge7 8. Nge2
d5 9. exd5 exd5 10. Bh6 O-O 11. Bxg7 Kxg7 12. d4 Ba6 13. O-O-O Bxe2 14. Nxe2 c4
15. h4 h5 16. g4 hxg4 17. h5 Rh8 18. hxg6 Qd6 19. gxf7 Qf6 20. Ng3 Kxf7 21. f3
Rxh1 22. Rxh1 gxf3 23. Bxf3 Ke6 24. Bg4+ Kd6 25. Nh5 Qf7 26. Qh2+ 1-0

[Event "First Saturday 2008 augusztus FM-B"]
[Site "Budapest"]
[Date "2008.08.11"]
[Round "10"]
[White "Nyland, Thomas"]
[Black "Eisenbeiser, Karlheinz"]
[Result "1-0"]
[WhiteElo "2107"]
[BlackElo "2034"]
[PlyCount "64"]
[EventDate "2008.08.02"]

1. d4 d6 2. e4 e5 3. dxe5 dxe5 4. Qxd8+ Kxd8 5. Bc4 Be6 6. Bxe6 fxe6 7. Nf3 Bd6
8. Nc3 Nf6 9. Bg5 c6 10. O-O-O Ke7 11. Rd3 h6 12. Bxf6+ gxf6 13. Rhd1 Rd8 14.
Nh4 Bc7 15. Ng6+ Ke8 16. Rxd8+ Bxd8 17. Nf8 Bb6 18. Nxe6 Na6 19. Ng7+ Kf8 20.
Nh5 Bxf2 21. Nxf6 Be3+ 22. Kb1 Bd4 23. Ne2 Ke7 24. Nxd4 exd4 25. Ng4 Rg8 26.
Nxh6 Rxg2 27. Nf5+ Ke6 28. Nxd4+ Ke5 29. c3 Kxe4 30. Rh1 Nc5 31. Nc2 Rg6 32. h4
Rh6 1-0

[Event "First Saturday 2008 augusztus FM-B"]
[Site "Budapest"]
[Date "2008.08.11"]
[Round "10"]
[White "Greis, Bernhard"]
[Black "Trajber, Daniel"]
[Result "1/2-1/2"]
[WhiteElo "2000"]
[BlackElo "2038"]
[PlyCount "31"]
[EventDate "2008.08.02"]

1. d4 d5 2. c4 c6 3. Nc3 Nf6 4. Nf3 e6 5. e3 Be7 6. Bd3 Nbd7 7. O-O O-O 8. b3
b6 9. Bb2 Bb7 10. Re1 Re8 11. h3 h6 12. Rc1 Rc8 13. a3 c5 14. Ne5 Nxe5 15. dxe5
Nd7 16. f4 1/2-1/2

[Event "First Saturday 2008 augusztus FM-B"]
[Site "Budapest"]
[Date "2008.08.12"]
[Round "11"]
[White "Trajber, Daniel"]
[Black "Bodrogi, Laszlo"]
[Result "0-1"]
[WhiteElo "2038"]
[BlackElo "2104"]
[PlyCount "62"]
[EventDate "2008.08.02"]

1. e4 c5 2. Nf3 e6 3. d4 cxd4 4. Nxd4 Nc6 5. Nb5 d6 6. Bf4 e5 7. Be3 Nf6 8. Bg5
Be7 9. N1c3 a6 10. Na3 b5 11. Bxf6 gxf6 12. Nd5 f5 13. g3 fxe4 14. Bg2 Bf5 15.
Ne3 Bg6 16. h4 h5 17. Qd5 Nb4 18. Qb3 d5 19. O-O-O d4 20. c3 Nd3+ 21. Rxd3 exd3
22. Bxa8 Qxa8 23. Nd5 Bd6 24. Re1 O-O 25. cxd4 Qc8+ 26. Kd2 exd4 27. g4 Qd8 28.
g5 Qa5+ 29. Kd1 Rc8 30. Nf6+ Kf8 31. Re6 Qc7 0-1

[Event "First Saturday 2008 augusztus FM-B"]
[Site "Budapest"]
[Date "2008.08.12"]
[Round "11"]
[White "Eisenbeiser, Karlheinz"]
[Black "Greis, Bernhard"]
[Result "1/2-1/2"]
[WhiteElo "2034"]
[BlackElo "2000"]
[PlyCount "31"]
[EventDate "2008.08.02"]

1. e4 c5 2. c3 d5 3. exd5 Qxd5 4. d4 Nc6 5. Nf3 Bg4 6. Be2 Nf6 7. h3 Bh5 8. O-O
e6 9. Na3 Be7 10. Nc2 O-O 11. Be3 cxd4 12. cxd4 Bg6 13. Rc1 Rac8 14. a3 a6 15.
Qd2 Rfd8 16. Rfd1 1/2-1/2

[Event "First Saturday 2008 augusztus FM-B"]
[Site "Budapest"]
[Date "2008.08.12"]
[Round "11"]
[White "Fleming, Andrew S.J"]
[Black "Nyland, Thomas"]
[Result "1/2-1/2"]
[WhiteElo "2041"]
[BlackElo "2107"]
[PlyCount "30"]
[EventDate "2008.08.02"]

1. e4 e5 2. Nf3 Nc6 3. c3 Nf6 4. d4 exd4 5. e5 Nd5 6. cxd4 Bb4+ 7. Bd2 Bxd2+ 8.
Nbxd2 O-O 9. Qb3 Nf4 10. g3 Ng6 11. h4 h5 12. Bd3 Kh8 13. Ne4 Qe7 14. O-O-O d6
15. exd6 cxd6 1/2-1/2

[Event "First Saturday 2008 augusztus FM-B"]
[Site "Budapest"]
[Date "2008.08.12"]
[Round "11"]
[White "Surinya, Tibor"]
[Black "Letay, Gyula"]
[Result "1/2-1/2"]
[WhiteElo "2049"]
[BlackElo "2085"]
[PlyCount "22"]
[EventDate "2008.08.02"]

1. d4 d5 2. c4 e6 3. Nc3 c6 4. Nf3 f5 5. g3 Nf6 6. Bg2 Bd6 7. O-O O-O 8. b3 Qe7
9. Bb2 Bd7 10. Rc1 Be8 11. Ne1 Nbd7 1/2-1/2